Hillas meets Eddington: the case for blazars as ultra-high-energy neutrino sources
Context. Jetted active galactic nuclei aligned with our line of sight known as blazars are promising high-energy neutrino source candidates. However, leptohadronic models face challenges in describing neutrino emission within a viable energy budget and their predictive power are limited by the commo...
Saved in:
| Main Authors: | , , , |
|---|---|
| Format: | Article (Journal) |
| Language: | English |
| Published: |
February 2026
|
| In: |
Astronomy and astrophysics
Year: 2026, Volume: 706, Pages: 1-18 |
| ISSN: | 1432-0746 |
| DOI: | 10.1051/0004-6361/202556986 |
| Online Access: | Verlag, kostenfrei, Volltext: https://doi.org/10.1051/0004-6361/202556986 Verlag, kostenfrei, Volltext: https://www.aanda.org/articles/aa/abs/2026/02/aa56986-25/aa56986-25.html |
| Author Notes: | X. Rodrigues, F. Rieger, A. Bohdan, and P. Padovani |
MARC
| LEADER | 00000naa a2200000 c 4500 | ||
|---|---|---|---|
| 001 | 1967037310 | ||
| 003 | DE-627 | ||
| 005 | 20260324121754.0 | ||
| 007 | cr uuu---uuuuu | ||
| 008 | 260324s2026 xx |||||o 00| ||eng c | ||
| 024 | 7 | |a 10.1051/0004-6361/202556986 |2 doi | |
| 035 | |a (DE-627)1967037310 | ||
| 035 | |a (DE-599)KXP1967037310 | ||
| 040 | |a DE-627 |b ger |c DE-627 |e rda | ||
| 041 | |a eng | ||
| 084 | |a 29 |2 sdnb | ||
| 100 | 1 | |a Rodrigues, X. |e VerfasserIn |0 (DE-588)1154971112 |0 (DE-627)1016286694 |0 (DE-576)501357114 |4 aut | |
| 245 | 1 | 0 | |a Hillas meets Eddington |b the case for blazars as ultra-high-energy neutrino sources |c X. Rodrigues, F. Rieger, A. Bohdan, and P. Padovani |
| 264 | 1 | |c February 2026 | |
| 300 | |b Illustrationen | ||
| 300 | |a 18 | ||
| 336 | |a Text |b txt |2 rdacontent | ||
| 337 | |a Computermedien |b c |2 rdamedia | ||
| 338 | |a Online-Ressource |b cr |2 rdacarrier | ||
| 500 | |a Online veröffentlicht: 23. Februar 2026 | ||
| 500 | |a Gesehen am 24.03.2026 | ||
| 520 | |a Context. Jetted active galactic nuclei aligned with our line of sight known as blazars are promising high-energy neutrino source candidates. However, leptohadronic models face challenges in describing neutrino emission within a viable energy budget and their predictive power are limited by the commonly used single-zone approximation and reliance on phenomenological parameters. Aims. We tested the scenario where energetic protons are continuously accelerated up to ultra-high energies in inner blazar jets, while accounting for the source energetics and jet dynamics. Methods. We present a new leptohadronic model, where a sub-Eddington jet evolves from being magnetically to kinetically dominated. A constant fraction of 10 −6 -10 −8 of the electrons and protons picked up by the jet are continuously accelerated to a power-law spectrum. We can estimate their normalization and maximum energies based on the local magnetic field strength, turbulence, and medium density, for which we assumed power-law profiles. The model parameters are thus directly tied to the jet physics and are comparable in number to a single-zone model. We then calculate the emission along the jet, including neutrinos and electromagnetic cascades. Results. Applying the model to IceCube candidate TXS 0506+056, we find that protons accelerated in the inner jet produce a neutrino flux up to ∼100 PeV that is consistent with the public IceCube ten-year point-source data. Proton emission at 0.1 pc describes the X-ray and γ-ray data, while electron emission at the parsec scale describes the optical data. Protons carry a power of about 1% of the Eddington luminosity. The particle spectra follow E −1.8, with diffusion scaling as E 0.3, ruling out Bohm-like diffusion. Additional particle injection near the broad line region can reproduce the 2017 flare associated to a high-energy neutrino. We also applied the model to the blazar PKS 0605-085, which could be associated with a recent neutrino detected by KM3NeT above 100 PeV. Conclusions. Magnetic acceleration in blazar jets can describe multimessenger observations with viable energetics. Our model constrains jet properties such as the energy-dependent particle diffusion and predicts the spatial distribution of the multiwavelength and neutrino emission along the jet. The results suggest that blazars are efficient neutrino emitters at ultra-high energies, making them prime candidates for future experiments targeting this challenging energy range. | ||
| 700 | 1 | |a Rieger, Frank M. |d 1971- |e VerfasserIn |0 (DE-588)123796067 |0 (DE-627)082772673 |0 (DE-576)293882703 |4 aut | |
| 700 | 1 | |a Bohdan, A. |e VerfasserIn |4 aut | |
| 700 | 1 | |a Padovani, P. |e VerfasserIn |4 aut | |
| 773 | 0 | 8 | |i Enthalten in |t Astronomy and astrophysics |d Les Ulis : EDP Sciences, 1969 |g 706(2026) vom: Feb., Artikel-ID A351, Seite 1-18 |h Online-Ressource |w (DE-627)253390222 |w (DE-600)1458466-9 |w (DE-576)072283351 |x 1432-0746 |7 nnas |a Hillas meets Eddington the case for blazars as ultra-high-energy neutrino sources |
| 773 | 1 | 8 | |g volume:706 |g year:2026 |g month:02 |g elocationid:A351 |g pages:1-18 |g extent:18 |a Hillas meets Eddington the case for blazars as ultra-high-energy neutrino sources |
| 856 | 4 | 0 | |u https://doi.org/10.1051/0004-6361/202556986 |x Verlag |x Resolving-System |z kostenfrei |3 Volltext |7 0 |
| 856 | 4 | 0 | |u https://www.aanda.org/articles/aa/abs/2026/02/aa56986-25/aa56986-25.html |x Verlag |z kostenfrei |3 Volltext |7 0 |
| 951 | |a AR | ||
| 992 | |a 20260324 | ||
| 993 | |a Article | ||
| 994 | |a 2026 | ||
| 998 | |g 123796067 |a Rieger, Frank M. |m 123796067:Rieger, Frank M. |d 130000 |d 130300 |d 130000 |e 130000PR123796067 |e 130300PR123796067 |e 130000PR123796067 |k 0/130000/ |k 1/130000/130300/ |k 0/130000/ |p 2 | ||
| 999 | |a KXP-PPN1967037310 |e 4941755731 | ||
| BIB | |a Y | ||
| SER | |a journal | ||
| JSO | |a {"name":{"displayForm":["X. Rodrigues, F. Rieger, A. Bohdan, and P. Padovani"]},"recId":"1967037310","person":[{"family":"Rodrigues","role":"aut","given":"X.","display":"Rodrigues, X."},{"family":"Rieger","display":"Rieger, Frank M.","role":"aut","given":"Frank M."},{"family":"Bohdan","given":"A.","role":"aut","display":"Bohdan, A."},{"given":"P.","role":"aut","display":"Padovani, P.","family":"Padovani"}],"physDesc":[{"extent":"18 S.","noteIll":"Illustrationen"}],"type":{"media":"Online-Ressource","bibl":"article-journal"},"title":[{"title":"Hillas meets Eddington","subtitle":"the case for blazars as ultra-high-energy neutrino sources","title_sort":"Hillas meets Eddington"}],"note":["Online veröffentlicht: 23. Februar 2026","Gesehen am 24.03.2026"],"origin":[{"dateIssuedDisp":"February 2026","dateIssuedKey":"2026"}],"language":["eng"],"relHost":[{"part":{"volume":"706","text":"706(2026) vom: Feb., Artikel-ID A351, Seite 1-18","year":"2026","extent":"18","pages":"1-18"},"note":["Gesehen am 21.06.2024","Erscheint 36mal jährlich in 12 Bänden zu je 3 Ausgaben","Fortsetzung der Druck-Ausgabe"],"origin":[{"dateIssuedKey":"1969","publisherPlace":"Les Ulis ; Berlin ; Heidelberg","publisher":"EDP Sciences ; Springer","dateIssuedDisp":"1969-"}],"name":{"displayForm":["European Southern Observatory (ESO)"]},"recId":"253390222","physDesc":[{"extent":"Online-Ressource"}],"title":[{"title_sort":"Astronomy and astrophysics","title":"Astronomy and astrophysics","subtitle":"an international weekly journal"}],"corporate":[{"display":"European Southern Observatory","role":"isb"}],"titleAlt":[{"title":"Astronomy & astrophysics"},{"title":"a European journal"}],"type":{"bibl":"periodical","media":"Online-Ressource"},"pubHistory":["1.1969 -"],"id":{"eki":["253390222"],"issn":["1432-0746"],"zdb":["1458466-9"]},"disp":"Hillas meets Eddington the case for blazars as ultra-high-energy neutrino sourcesAstronomy and astrophysics","language":["eng"]}],"id":{"eki":["1967037310"],"doi":["10.1051/0004-6361/202556986"]}} | ||
| SRT | |a RODRIGUESXHILLASMEET2026 | ||